000 00611nam a22001817a 4500
005 20251108172352.0
008 250721s1986 xx 000 0 ara d
082 1 4 _a301.3509565/محم
100 1 _aالصقور، محمد محمود
245 1 0 _aالتخطيط الإقليمي و التنمية في الريف :
_bدراسة تطبيقية على الريف الأردني /
264 1 _aعمان :
_bشقير و عكشه،
_c1986.
300 _a303ص
650 1 7 _aعلم الإجتماع
650 1 7 _aالمجتمع الريفي
650 1 7 _aالأردن
942 _2ddc
_cBK
999 _c77436
_d77436